000 00835nam a2200241Ia 4500
003 OSt
005 20220923212601.0
006 a|||||r|||| 00| 0
007 ta
008 220922b |||||||| |||| 00| 0 hin d
024 _a154,218
037 _cTextual
040 _aARTS
_cARTS
_bhin
041 _2hin
_ahin
082 _aO152vN1<-M5, L3
100 _aचतुर्वेदी, श्रीनारायण
245 0 _aआधुनिक हिन्दी का आदिकाल
246 _aĀdhunik hindī kā ādikāla
260 _aइलाहाबाद
_b हिन्दुस्तानी एकेडेमी
_c1973
300 _a2521 पृ.
_ccm.
942 _hO152vN1<-M5, L3
_cTEXL
_2CC
999 _c309846
_d309846